000 01880nam a22004817a 4500
001 15087780
003 OSt
005 20210426065718.0
008 071119s2008 nyuaf 001 0aeng
010 _a 2007047328
015 _aGBA847305
_2bnb
016 7 _a014566165
_2Uk
020 _a9780060798710
020 _a0060798718
035 _a(OCoLC)ocn182552941
035 _a(OCoLC)182552941
_z(OCoLC)179806925
040 _aDLC
_cDLC
_dBAKER
_dYDXCP
_dBTCTA
_dUKM
_dUPZ
_dWIQ
_dC#P
_dDLC
043 _an-us---
_an-us-ny
050 0 0 _aE840.8.S58
_bA3 2008
080 _a92
_bS-73
082 0 0 _a973.922092
_aB
_222
100 1 _aSorensen, Theodore C.
245 1 0 _aCounselor :
_ba life at the edge of history /
_cTed Sorensen.
250 _a1st ed.
260 _aNew York, NY :
_bHarper,
_cc2008.
300 _axvi, 556 p., [16] p. of plates :
_bill. ;
_c24 cm.
365 _a27.95 USD
500 _aIncludes index.
600 1 0 _aSorensen, Theodore C.
600 1 0 _aKennedy, John F.
_q(John Fitzgerald),
_d1917-1963
_xFriends and associates.
650 0 _aPolitical consultants
_zUnited States
_vBiography.
650 0 _aSpeechwriters
_zUnited States
_vBiography.
650 0 _aLawyers
_zUnited States
_vBiography.
651 0 _aUnited States
_xPolitics and government
_y1961-1963.
651 0 _aNew York (N.Y.)
_vBiography.
653 _aბიოგრაფია
856 4 1 _3Table of contents only
_uhttp://www.loc.gov/catdir/toc/ecip085/2007047328.html
856 4 2 _3Contributor biographical information
_uhttp://www.loc.gov/catdir/enhancements/fy0910/2007047328-b.html
856 4 2 _3Publisher description
_uhttp://www.loc.gov/catdir/enhancements/fy0910/2007047328-d.html
906 _a7
_bcbc
_corignew
_d1
_eecip
_f20
_gy-gencatlg
942 _2udc
_cBK
999 _c1430
_d1430